| 000 | 02556nam a22008657a 4500 | ||
|---|---|---|---|
| 003 | OSt | ||
| 008 | 140419b xxu||||| |||| 00| 0 eng d | ||
| 100 | 1 | _aPratt, R.W. (Richard William), 1932- | |
| 041 | _aeng | ||
| 245 | 1 | 0 | _aImperial China : History of the posts 1897 [Vol. II] |
| 260 |
_aLondon _bChristie's Robson Lowe |
||
| 300 | _a334 pages | ||
| 650 | 0 | _aChina | |
| 650 | 0 | _aPostal History | |
| 650 | 0 | _a-1897 | |
| 650 | 0 | _aPostal Service | |
| 650 | 0 | _aPostal Markings | |
| 650 | 0 | _aPostage Paid Markings | |
| 650 | 0 | _aPaid Markings | |
| 650 | 0 | _aFee Paid Mail | |
| 650 | 0 | _aPostal Markings -- Used Abroad | |
| 650 | 0 | _aPost Offices | |
| 650 | 0 | _aPostal Agencies | |
| 650 | 0 | _aOffices Abroad | |
| 650 | 0 | _aTreaty Ports | |
| 650 | 0 | _aRegistered Mail | |
| 650 | 0 | _aPostal Laws and Regulations | |
| 650 | 0 | _aPostal Rates | |
| 650 | 0 | _aCovers | |
| 650 | 0 | _aGreat Britain -- Offices in China | |
| 650 | 0 | _aGreat Britain -- Offices in China -- Shanghai | |
| 650 | 0 | _aFrance -- Offices in China (1894-1922) | |
| 650 | 0 | _aFrance -- Offices in China -- Shanghai | |
| 650 | 0 | _aFrance -- Offices in China -- Tientsin | |
| 650 | 0 | _aRussia -- Offices in China -- 1897 | |
| 650 | 0 | _aJapan -- Offices in China | |
| 650 | 0 | _aGermany -- Offices in China | |
| 650 | 0 | _aUnited States -- Offices in China -- Shanghai | |
| 650 | 0 | _aHong Kong | |
| 650 | 0 | _aFormosa | |
| 650 | 0 | _aPostal Routes | |
| 650 | 0 | _aMaritime Mail | |
| 650 | 0 | _aShipping Companies and Packet Service | |
| 650 | 0 | _aLocals and Private Posts | |
| 650 | 0 | _aPost Offices Discontinued | |
| 650 | 0 | _aCustoms Markings | |
| 650 | 0 | _aCustoms Issues | |
| 650 | 0 | _aStamps | |
| 650 | 0 | _aHistories | |
| 650 | 0 | _aProduction | |
| 650 | 0 | _aOverprints and Surcharges | |
| 650 | 0 | _aProvisionals and Forerunners | |
| 650 | 0 | _aRevenues as Postage | |
| 650 | 0 | _aRevenues | |
| 650 | 0 | _aErrors and Varieties | |
| 650 | 0 | _aPrinting | |
| 650 | 0 | _aCollecting | |
| 650 | 0 | _aIdentification | |
| 650 | 0 | _aMilitary Mail | |
| 650 | 0 | _aPostal Conventions | |
| 650 | 0 | _aPostal Treaties | |
| 650 | 0 | _aPostal Unions | |
| 650 | 0 | _aInternational Mail | |
| 650 | 0 | _aUniversal Postal Union | |
| 650 | 0 | _aPostal Stationery | |
| 650 | 0 | _aCards | |
| 650 | 0 | _aAcknowledgement of Receipt | |
| 650 | 0 | _aPostage Dues | |
| 650 | 0 | _aUndeliverable Mail | |
| 650 | 0 | _aReturned Mail | |
| 650 | 0 | _aUnclaimed Mail | |
| 650 | 0 | _aMissent Markings | |
| 650 | 0 | _aBibliographies | |
| 650 | 0 | _aMacao (1884-) -- Postal Laws and Regulations -- 1897 | |
| 999 |
_c523 _d523 |
||